Pokémon aus Generation 8 - Statistiken

Allgemein
  • Dieses Quiz wurde 39 mal gespielt
  • Das Durchschnittsergebnis liegt bei 59 aus 91
Antwortstatistiken
Hint Antwort % Korrekt
889 Zamazenta
96%
810 Chimpep
91%
815 Liberlo
91%
888 Zacian
91%
890 Endynalos
87%
812 Gortrom
87%
813 Hopplo
87%
814 Kickerlo
87%
818 Intelleon
83%
816 Memmeon
83%
817 Phlegleon
83%
811 Chimstix
78%
884 Duraludon
78%
834 Kamalm
78%
833 Kamehaps
78%
823 Kramor
78%
865 Lauchzelot
78%
831 Wolly
78%
832 Zwollock
78%
841 Drapfel
74%
887 Katapuldra
74%
822 Kranoviz
74%
821 Meikro
74%
838 Wagong
74%
856 Brimova
70%
898 Coronospa
70%
891 Dakuma
70%
837 Klonkett
70%
840 Knapfel
70%
839 Montecarbo
70%
882 Pescragon
70%
896 Polaross
70%
819 Raffel
70%
895 Regidrago
70%
842 Schlapfel
70%
820 Schlaraffel
70%
892 Wulaosu
70%
859 Bähmon
65%
885 Grolldra
65%
851 Infernopod
65%
881 Lecryodon
65%
880 Lectrago
65%
809 Melmetal
65%
808 Meltan
65%
886 Phandra
65%
897 Phantoross
65%
894 Regieleki
65%
849 Riffex
65%
858 Silembrim
65%
850 Thermopod
65%
848 Toxel
65%
835 Voldi
65%
893 Zarude
65%
836 Bellektro
61%
857 Brimano
61%
825 Keradar
61%
878 Kupfanti
61%
861 Olangaar
61%
860 Pelzebub
61%
883 Pescryodon
61%
824 Sensect
61%
830 Cottomi
57%
864 Gorgasonn
57%
874 Humanolith
57%
852 Klopptopus
57%
826 Maritellit
57%
863 Mauzinger
57%
873 Mottineva
57%
872 Snomnom
57%
847 Barrakiefa
52%
829 Cottini
52%
853 Kaocto
52%
870 Legios
52%
867 Oghnatoll
52%
846 Pikuda
52%
843 Salanga
52%
844 Sanaconda
52%
845 Urgl
52%
862 Barrikadax
48%
871 Britzigel
48%
828 Gaunux
48%
827 Kleptifux
48%
875 Kubuin
48%
877 Morpeko
48%
879 Patinaraja
48%
869 Pokusan
48%
868 Hokumil
43%
866 Pantifros
43%
854 Fatalitee
39%
855 Mortipot
39%
876 Servol
39%
Keine übereinstimmenden Quizze gefunden
Verteilung der Resultate
Anzahl Personen mit jedem Resultat
Perzentil nach korrekt beantworteten Fragen
Ihre Resultats-Entwicklung
Sie haben dieses Quiz noch nicht gespielt